| 000 | 00998nas a2200301 4500 | ||
|---|---|---|---|
| 001 | BR0807938 | ||
| 003 | BR-BrBNA | ||
| 005 | 20231205112753.0 | ||
| 007 | ta | ||
| 008 | 230509b bl.|||p| |||| 00| 00por d | ||
| 040 |
_aBR-BrBNA _bpor _cBiblioteca Nacional de Agricultura |
||
| 041 | _a(Pt) | ||
| 072 | _aL70; L40 | ||
| 100 | 1 | _aLaus, J.L. | |
| 100 | 1 | _aSouza, M.S.B. de | |
| 100 | 1 | _aMorales, A. | |
| 100 | 1 | _aAndrade, A.L. de | |
| 100 | 1 | _aFigueiredo, F. | |
| 100 | 1 | _aSantos, J.M. dos | |
| 100 | 1 | _aValeri, V. | |
| 245 | 1 | _aComparação entre ceratoplastias lamelares por enxertos autogenos, de córnea e pediculados de conjuntiva. Estudo experimental no cão (Canis familiaris - Linnaeus, 1758 | |
| 650 | _aCÃO | ||
| 650 | _aDOENÇA ANIMAL | ||
| 650 | _aCÓRNEA | ||
| 773 | 0 |
_tBrazilian Journal of Veterinary Research and Animal Science (Brazil) _xISSN 1413-9596 _g(1996), v. 33(1) p. 41-46 _wBR0807938 |
|
| 909 |
_a202311 _bLúcia _c55 _dLúcia Elande |
||
| 942 |
_2AGRIS _n0 _cANA |
||
| 999 |
_c199886 _d199886 |
||